000
00191nam a22000857a 4500
001
1243045
005
20251016094239.0
245
_a
KORSAN KIZLAR
_c
İSMET BERTAN
260
_b
GÜNIŞIĞI YAYINLARI
999
_c
1243045
_d
1243045